000 00724nam a2200229Ia 4500
003 OSt
005 20230906113941.0
008 210716s2009 xx 000 0 und d
020 _a9788184047509
040 _cAIMIT LIBRARY
041 _aeng
082 _a005.13
_21
_bBROG
100 _aBrown, Gregory T.
_9132781
245 _aRuby best practices /
_cBy Gregory Brown.
250 _a1st ed.
260 _aNew Delhi :
_bShroff Publishers and Distributors Pvt Ltd ,
_c2009.
300 _axvi,309,18p. ;
_bPB
_c23 cm.
650 _aDriving code through tests
_9132782
650 _aText processing and file management
_9132783
650 _aReducing cultural barriers
_9132784
942 _2ddc
_cBK
_e1st ed.
_k005.13 BROG
999 _c191043
_d191043